Random flag map Quiz - Statistics

General Stats
  • This quiz has been taken 41 times
  • The average score is 36 of 45
Answer Stats
Question Tile Select % Correct
Countries that in Europe No
97%
Countries that in Europe No
97%
Countries that in Europe No
97%
Countries that in Europe No
97%
Countries that in Europe Yes
93%
Countries that in Europe Yes
93%
Countries that in Europe No
90%
Countries that in Europe No
90%
Countries that are in Eurasia Yes
90%
Countries that are in the UN Yes
90%
Countries that are landlocked No
86%
Countries that are landlocked No
86%
Countries that have red Yes
86%
Countries that have red Yes
86%
Countries that have red Yes
86%
Countries that have red Yes
86%
Countries that have red Yes
86%
Countries that have red Yes
86%
Countries that have red Yes
86%
Countries that have red Yes
86%
Countries that have red Yes
86%
Countries that are in Eurasia No
86%
Countries that are in the UN Yes
86%
Countries that are landlocked No
83%
Countries that are landlocked No
83%
Countries that are landlocked Yes
83%
Countries that are landlocked Yes
83%
Countries that are in Eurasia No
83%
Countries that are in the UN Yes
83%
Countries that are in the UN Yes
83%
Countries that are landlocked Yes
79%
Countries that are in the UN Yes
79%
Countries that are in the UN Yes
76%
Countries that are landlocked Yes
72%
Countries that are landlocked No
72%
Countries that are in the UN Yes
69%
Countries that are in Eurasia Yes
66%
Countries that are in Eurasia Yes
66%
Countries that are in Eurasia Yes
66%
Countries that are in Eurasia Yes
66%
Countries that are in the UN Yes
66%
Countries that are in the UN Yes
66%
Countries that are in Eurasia Yes
62%
Countries that are in Eurasia Yes
62%
Countries that in Europe Yes
41%
No matching quizzes found
Score Distribution
Percent of People with Each Score
Percentile by Number Answered
Your Score History
You have not taken this quiz